000 00658nam a2200241Ia 4500
003 OSt
005 20220925202025.0
006 a|||||r|||| 00| 0
007 ta
008 220923b |||||||| |||| 00| 0 eng d
037 _cGeneral Book
040 _aRTL
_cRTL
_beng
041 _2eng
_aeng
082 _aY47, M0/TD
100 _aBeteille Andre
245 0 _aIdeologies and intellectuals. `
260 _aDelhi
_bOxford University Press
_c1980
300 _aiii,51p.
_ccm.
500 _aBibliography Chapterwise
650 _aIntellectuals
942 _hY47, M0/TD
_cGB
_2CC
999 _c542228
_d542228